000 00300nam a2200109Ia 4500
008 200302s9999 xx 000 0 und d
100 _aFernando Marquez
245 _a2005 - 2009 Souto De Moura Teatros Del Mundo Theatres of World
260 _bElcroquis Publishers
260 _c2009
300 _a203 P.,
999 _c2967
_d2967